Antología literaria de Aisén

Gardado en:
Detalles Bibliográficos
Corporate Authors: Sociedad Regional de Escritores de Aisén (Author), Secretaría Regional Ministerial de Educación (Author)
Formato: Libro
Idioma:Lingua castelá
Publicado: Coyhaique Sociedad Regional de Escritores 1994
Subjects:
Tags: Engadir etiqueta
Sen Etiquetas, Sexa o primeiro en etiquetar este rexistro!

MARC

LEADER 00000nam a2200000 a 4500
001 UCN4472
003 CL-VaPUC
008 010803e19941100CL |||||||||||||||||spa|d
082 0 4 |a 808.8  |b SOC  |2 21 
110 2 |a Sociedad Regional de Escritores de Aisén  |e author  |9 460930 
710 2 |a Secretaría Regional Ministerial de Educación  |e author  |9 460931 
245 1 0 |a Antología literaria de Aisén 
300 |a 193 p 
942 |c BK 
945 |d 20010803 00:00:00  |a cmena 
260 |a Coyhaique  |b Sociedad Regional de Escritores  |c 1994 
650 0 |a Antologías  |9 309836 
650 0 |a Literatura chilena   |9 308278 
583 |a last modification  |c 20010803 00:00:00  |k Rodrigo Vera 
999 |c 296709  |d 296707 
952 |0 0  |1 0  |4 0  |6 808_800000000000000_SOC_1994  |7 0  |8 X  |9 350770  |a FDOMLP  |b FDOMLP  |d 2019-11-20  |i 3742415  |o 808.8 SOC 1994  |p 3742415  |r 2019-11-20  |w 2019-11-20  |y BK_X  |k BU2